01014nam a22002177a 450000500170000000800410001702000180005804000070007608200160008310000180009924500380011726000370015530000260019236501000021844000100031852003930032865000170072165000230073865000180076165000170077920260323115243.0260323b |||||||| |||| 00| 0 eng d a9789389307481 cAL a621.8bRAOD aKrishna Rao T aDesign of machine elements Vol II aNew DelhibDreamtech Pressc2019 axiv,648pbPBc24x18cm 2Electronics and Communication EngineeringaVBI-2645b₹341.25c₹d₹455.00e25%f20-02-2026 vVol 2 aCovers the fundamental concepts, description, terminology, force analysis and methods of analysis and design of various machine elements such as curved beams, springs, spur, helical, bevel and worm gears, clutches, brakes, belts, ropes, chains, ball bearings and journal bearings. The emphasis is on methods and procedures that allow students to apply to mechanical components in general. aCurved Beams aMechanical Springs aHelical Gears aLubrication